000 00701nas a22002293 4500
001 10549369
003 SISC
005 20160331131246.0
008 860916u xx u 0 0 0und
010 _a 82645445
022 _a0734-7103
050 _aKF 6272
_b.M423 1983
082 _aHS 336.02
_bM39 1983
245 0 0 _aMaster federal tax manual.
260 _aNew York :
_bResearch Institute of America,
_cc1983.
300 _a688 p. :
_c24 cm.
310 _aAnnual
785 0 0 _nSERLOC succeeding entry:
_tResearch Institute master federal tax manual with Federal tax coordinator 2d references
906 _a0
_bbbc
_cserlocs
_du
_encip
_f19
_gilsserca
942 _2lcc
_cBK
999 _c251
_d251